Central Library OPAC University of Rajshahi

Japan's economic expansion / (Record no. 58860)

MARC details
000 -LEADER
fixed length control field 00698nam a2200217 a 4500
001 - CONTROL NUMBER
control field 58860
003 - CONTROL NUMBER IDENTIFIER
rucl marc code BD-RjUL
005 - DATE AND TIME OF LATEST TRANSACTION
control field 20211209080650.0
008 - FIXED-LENGTH DATA ELEMENTS--GENERAL INFORMATION
fixed length control field 161220r19691965xx b 00100 eng d
035 ## - SYSTEM CONTROL NUMBER
System control number (BD-RjUL)58984
040 ## - CATALOGING SOURCE
Original cataloging agency ANL
Language of cataloging eng
Modifying agency ANL
Transcribing agency BD-RjUL
041 ## - LANGUAGE CODE
Language code of text/sound track or separate title eng
082 1# - DEWEY DECIMAL CLASSIFICATION NUMBER
Classification number 338.0952
Edition number 23
Author mark and year ALJ 1969
100 1# - MAIN ENTRY--PERSONAL NAME
Personal name Allen, G. C.
Fuller form of name (George Cyril),
Dates associated with a name 1900-
9 (RLIN) 175007
245 10 - TITLE STATEMENT
Title Japan's economic expansion /
Statement of responsibility, etc. G. C. Allen.
260 ## - PUBLICATION, DISTRIBUTION, ETC. (IMPRINT)
Place of publication, distribution, etc. London ;
-- New York :
Name of publisher, distributor, etc. Oxford University Press,
Date of publication, distribution, etc. 1965 [ Third impression 1969 ]
300 ## - PHYSICAL DESCRIPTION
Pagination xi, 296 p ;
Size 22 cm.
504 ## - BIBLIOGRAPHY, ETC. NOTE
Bibliography, etc Includes index and Bibliography: p. 283-290.
651 #0 - SUBJECT ADDED ENTRY--GEOGRAPHIC NAME
Geographic name Japan
General subdivision Economic conditions
Chronological subdivision 1945-
9 (RLIN) 173369
942 ## - ADDED ENTRY ELEMENTS (KOHA)
Source of classification or shelving scheme Dewey Decimal Classification
Koha item type Books
Holdings
Lost status Source of classification or shelving scheme Damaged status Not for loan Collection code Permanent Location Current Location Shelving location Date acquired Source of acquisition Cost, normal purchase price Total Checkouts Full call number Date last seen Copy number Koha item type
  Dewey Decimal Classification   Not For Loan Non-fiction Central Library, University of Rajshahi Central Library, University of Rajshahi Reading Room 17/02/1971 Zeitlinger 55.00   338.0952 ALJ 1969 20/12/2016 C-1 Books